Business models <a> strategic management approach

Enregistré dans:
Détails bibliographiques
Auteur principal: Afuah, Allan
Format: Livre
Langue:anglais
Publié: New York McGraw-Hill/Irvin 2004
Sujets:
Tags: Ajouter un tag
Pas de tags, Soyez le premier à ajouter un tag!

MARC

LEADER 00000nam$a2200000$$$4500
001 0064462
005 20240306135137.2
020 |a 0-07-288364-2 
041 0 |a eng 
044 |a US 
245 1 0 |a Business models  |b <a> strategic management approach  |c Allan Afuah 
264 1 |a New York  |b McGraw-Hill/Irvin  |c 2004 
300 |a 415 s. 
610 2 0 |a modely matematické 
610 2 0 |a plánovanie optimálne 
610 2 0 |a manažment 
610 2 0 |a riadenie strategické 
610 2 0 |a obchod 
100 1 |a Afuah, Allan